000 00482nam a2200181Ia 4500
005 20250923145726.0
008 008 250917s9999 xx 000 0 eng d
037 _aTextual
040 _aDSWL
_beng
_cDSWL
041 _aeng
_2eng
084 _aYX,A, N74
_qDSWL
245 0 _aGuidebook on family and child welfare
260 _aNew Delhi
_b Central S.W.B.
_c1974
300 _avii,199p.
365 _aINR
942 _cTEXL
_hYX,A, N74
999 _c1454867
_d1454867